MARC

LEADER 00000nam0a2200000 4500
001 267700
005 20231101234112.0
020 |a RU  |b 87-14651 
035 |a (RuTPU)RU\TPU\book\290772 
090 |a 267700 
100 |a 20140804d1987 km y0rusy5003 ca 
101 0 |a rus 
102 |a RU 
105 |a y z 001zy 
200 1 |a Геолого-промышленная оценка попутных полезных ископаемых в комплексных рудных месторождениях  |f А. М. Сечевица 
210 |a Москва  |c Недра  |d 1987 
215 |a 128 с.  |d 22 см 
320 |a Библиогр.: с. 126-127 (40 назв.). 
606 1 |a Рудные месторождения  |x Подсчет и классификация запасов  |2 stltpush  |3 (RuTPU)RU\TPU\subj\25955  |9 49986 
610 1 |a попутные полезные ископаемые 
610 1 |a минерально-сырьевые ресурсы 
610 1 |a изучение 
610 1 |a оценка 
610 1 |a геолого-экономическое обоснование 
675 |a 553.3/.4.04  |z rus  |v 3 
700 1 |a Сечевица  |b А. М.  |g Алексей Михайлович  |4 070 
801 0 |a RU  |b RuMRKP  |c 19950417  |g psbo 
801 1 |a RU  |b 63413507  |c 20140804 
801 2 |a RU  |b 63413507  |c 20151120  |g RCR 
942 |c BK